| 000 | 00432nam a2200181Ia 4500 | ||
|---|---|---|---|
| 003 | GCL | ||
| 008 | 140319s9999 xx 000 0 eng d | ||
| 040 |
_aGCL / _cGCL |
||
| 082 | 0 | 4 |
_a759 _bL R |
| 100 | 1 | _aLE BOT, MARC | |
| 245 | 1 | 0 |
_aREMBRABDT / _cLE BOT, MARC |
| 260 |
_a[S.N] : _bFLAMMARION ، _c1990 |
||
| 300 | _a96 PP | ||
| 650 | 0 | 4 | _aREMBRANDT |
| 650 | 0 | 4 | _aPAINTING |
| 650 | 0 | 4 | _aPAINTERS AND PAINTINGS |
| 942 |
_2ddc _cBK |
||
| 999 |
_c16957 _d16957 |
||